00824nam a2200253Ia 4500001000700000003000500007008004100012010001100053040000900064090001500073100004100088245010300129260008300232300001000315650004100325650003600366901001500402902000600417910000900423942000800432942000800440999001900448952010300467Z_4474CHAP220113s1987 xx 000 0 und d a167547 cCHAP aFolleto 34 aMargollés Meigide, Estrella971349 aPrincipales enfermedades metabólicas de las vacas lecheras /cpor Estrella Margollés Meigide aLa Habana :bInstituto Superior de Ciencias Agropecuarias de la Habana,c1987 a23 p. aGanado lecheroxEnfermedades 945260 aMetabolismo en rumiantes975155 aFOLLETO 34 aM a1987 cc14 cc14 c167547d167547 00102local40708FOLLaZbZc1d2005-11-09l0pz_A1654r2022-01-18 00:00:00t1w2022-01-18yFOLL